Les cuillères en images - Statistiques

Statistiques générales
  • Ce quiz a été pris 27 fois
  • Le résultat moyen est 19 sur 50
Statistiques - réponses
Par images Hint Réponse % Correct
C Cuillère à {café}
92%
P Cuillère pour la {pêche}
92%
M Cuillère à {miel}
85%
S Cuillère à {soupe}
85%
B Cuillère en {bois}
85%
C Cuillère à {cocktail}
77%
B Cuillère à {boules} de glace
69%
C Cuillère à {confiture}
69%
C Cuillère à {caviar}
62%
F Cuillère-{fourchette}
62%
S Cuillère à {soupe} chinoise
54%
S Cuillère à {spaghetti}
54%
A Cuillère à {absinthe}
46%
C Cuillère à {cire}
46%
G Cuillère à {glace}
46%
G Cuillère à {glace}
38%
K Cuillère à {kiwi}
38%
P Cuillère à {poisson}
38%
S Cuillère à {salade}
38%
P Cuillères à {pamplemousse}
38%
G Cuillère à {glaçons}
31%
M Cuillère à {moutarde}
31%
O Cuillère à {olives}
31%
H Cuillères à {huître}
31%
A Cuillère à {avocat}
23%
B Cuillère à {bouillie}
23%
C Cuillère à {cerise}
23%
C Cuillère à {chocolat}
23%
C Cuillère à {compote}
23%
D Cuillère à {dessert}
23%
E Cuillère à {encens}
23%
F Cuillère à {fruits} en salade
23%
M Cuillère à {médicament}
23%
M Cuillère à {mesure}
23%
M Cuillère à {moëlle}
23%
O Cuillère à {oeufs}
23%
P Cuillère à {pomme-de-terre}
23%
P Cuillère à pomme {parisienne}
23%
R Cuillère à {riz}
23%
S Cuillère à {soda}
23%
S Cuillère à {sucre}
23%
G Cuillère à thé {glacé}
23%
M Cuillère de {mariage}
23%
G Cuillère {Georgette}
23%
M Cuillères à {moka}
23%
M Cuillères {musicales}
23%
C Cuillère à {couscous}
15%
P Cuillère à {punch}
15%
P Cuillère à {priser}
8%
Z Cuillère à {zakouski}
8%
Aucun quiz correspondant
Distribution des résultats
% des personnes avec chaque résultat
Percentile par nombre de réponses
Votre historique - résultats
Vous n’avez pas pris ce quiz